Statistiques concernant Frontières saoudiennes

Cliquez ici pour prendre le quiz!

Statistiques générales

  • Ce quiz a été pris 15 399 fois
  • Le résultat moyen est 7 sur 8

Statistiques - réponses

Longueur (km)Pays% Correct
676Oman
97%
1,458Yémen
97%
60Qatar
96%
457Émirats arabes unis
95%
814Irak
94%
744Jordanie
91%
222Koweït
88%
(Par pont)Bahreïn
81%

Distribution des résultats

Percentile par nombre de réponses

% des personnes avec chaque résultat

Votre développement - résultats

Vous n’avez pas pris ce quiz